00460nam a2200181Ia 450000500170000000800410001702000180005804100080007608200150008410000120009924500160011126000440012730000090017144000290018050000290020965000280023870000120026620251113154629.0230125s9999 xx 000 0 und d a81-7621-105-2 aeng a158.1bSTE aBatra P aBorn to win c2002bThink Inc. PublicationaNew Delhi a104p aPramod Batra Series Book aPersonality Development, aPersonality Development aBatra P